000 00534nam a2200181Ia 4500
008 240729s9999 xx 000 0 und d
022 _a2631-827X
245 0 _aCrohn's & Colitis 360
260 _aUnited Kingdom
260 _bOxford University Press
650 _a Diseases of the digestive system. Gastroenterology
650 _a Internal medicine
650 _a Specialties of internal medicine
650 _aMedicine
856 _uhttps://doaj.org/toc/986d88727c7c4c6eba092f4d483d1995
942 _2ddc
942 _cDOAJEJ
999 _c73847
_d73847
945 _a1
_bMadushi Gamage
_c1
_dMadushi Gamage